[Event "Biel Master Tournament 2019"]
[Site "Biel"]
[Date "2019.07.26"]
[Round "5.5"]
[White "Iturrizaga Bonelli, Eduardo"]
[Black "Flom, Gabriel"]
[Result "1-0"]
[WhiteElo "2625"]
[BlackElo "2494"]
[Annotator "TA"]
[PlyCount "43"]
[EventDate "2019.07.20"]
[EventType "swiss"]
[EventCountry "SUI"]
[SourceTitle "playchess.com"]
[Source "ChessBase"]
[SourceQuality "1"]

{[%evp 10,43,57,53,50,52,174,140,341,334,291,266,268,272,488,481,469,470,484,483,464,466,520,504,686,694,726,723,700,706,1073,991,870,597,587,590]} 1. c4 g6 2. d4 Bg7 3. e4 c5 4. Nf3 Nc6 5. dxc5 Qa5+ 6. Bd2 Qxc5 {A40: Unusual replies to 1 d4} 7. Nc3 d6 ({Better is} 7... Qa5 $14) (7... Nf6 8. Be2 Qb6 9. O-O d6 10. h3 O-O 11. b3 Qd8 12. Rc1 b6 13. Re1 Bb7 14. Bf1 Nd7 15. Bg5 h6 {1-0 (35) Matlakov,M (2692)-Shyam,N (2429) Sharjah 2019}) 8. Nd5 $18 {aiming for b4.} Nd4 $146 (8... Bg4 $16) ({Predecessor:} 8... Ne5 9. Bb4 Qc6 10. c5 Nxf3+ {1-0 (22) Heberla,B (2553)-Jakubowski,K (2531) Bialystok 2016}) 9. Bb4 Nxf3+ 10. gxf3 Qc6 {[#]} 11. c5 $1 {[%mdl 512]} Be6 $2 {[#]} (11... Bd7 12. cxd6 Rc8 13. dxe7 Bxb2) (11... dxc5 12. Bb5) 12. Bb5 $1 {[%cal Rb5c6][%mdl 512] White is clearly winning.} Bxd5 (12... Qxb5 13. Nc7+) 13. Bxc6+ Bxc6 14. cxd6 Bxb2 15. Rb1 Be5 16. dxe7 g5 17. Qc1 Nxe7 18. Bxe7 Kxe7 19. Qxg5+ {[%mdl 64] Double Attack} f6 20. Qg7+ Ke6 21. Rxb7 Bxb7 22. Qxb7 1-0

[Event "Biel Master Tournament 2019"]
[Site "Biel"]
[Date "2019.07.26"]
[Round "5.6"]
[White "Shyam, Sundar M."]
[Black "Jumabayev, Rinat"]
[Result "1/2-1/2"]
[WhiteElo "2520"]
[BlackElo "2633"]
[Annotator "TA"]
[PlyCount "110"]
[EventDate "2019.07.20"]
[EventType "swiss"]
[EventCountry "SUI"]
[SourceTitle "playchess.com"]
[Source "ChessBase"]
[SourceQuality "1"]

{[%evp 12,110,35,15,19,0,8,9,15,18,26,16,31,23,25,12,22,11,27,21,18,13,14,22,17,33,10,0,0,0,0,0,0,0,0,0,0,0,0,0,0,0,0,0,0,0,8,0,6,0,6,6,4,6,29,35,34,53,65,8,14,10,14,0,0,0,0,0,0,0,0,0,0,0,0,0,0,0,0,0,0,0,0,0,0,0,0,0,0,0,0,0,0,0,0,0,0,0,0,0,0]} 1. e4 c5 2. Nf3 d6 3. Bb5+ Bd7 4. Bxd7+ Nxd7 5. O-O Ngf6 6. Qe2 e6 7. c4 a6 {B52: Sicilian: Moscow Variation with 3...Bd7} (7... Be7 8. d4 cxd4 9. Nxd4 O-O 10. Nc3 a6 11. b3 Rc8 12. Bb2 Qa5 13. Rac1 Bd8 14. Kh1 Bb6 15. Rfd1 Rfd8 16. f4 Ba7 17. Nf3 Ng4 18. Rf1 Be3 19. Rcd1 Bxf4 20. Nd4 Qg5 {½-½ (77) Carlsen,M (2853)-Nakamura,H (2787) chess.com INT 2016}) 8. Nc3 Qc7 9. b3 g6 $146 ({Predecessor:} 9... Be7 10. Ng5 h6 11. Nh3 Ne5 12. f4 Nc6 13. d3 Nd4 14. Qf2 {1-0 (39) Andreassen,A (2074)-Sitale,T Tromsoe 2009}) 10. d4 cxd4 11. Nxd4 Bg7 12. Bb2 O-O 13. Rfd1 Rfe8 14. Rac1 Rac8 15. Ndb5 axb5 16. Nxb5 {[%mdl 64] [#] Double Attack} Qb8 {Threatens to win with ...Rc6.} 17. Nxd6 e5 18. Nxe8 Rxe8 19. c5 Qa7 20. Qb5 Qxa2 21. Rc2 {[#] And now Ra1 would win.} Qa8 $1 22. Rxd7 Nxd7 23. Qxd7 Rd8 24. Qg4 Qa2 25. Qe2 Qxb3 26. g3 Rc8 27. Kg2 Bf6 28. Bc1 Qb4 29. Bd2 Qa4 30. Bh6 Be7 31. Rb2 Rc7 32. Ra2 Qe8 33. Qb5 Qc8 34. c6 Rxc6 35. Qxe5 (35. Ra7 $1 $14) 35... Bf8 $11 {The position is equal.} 36. Bxf8 Qxf8 {[%mdl 4096] Endgame KQR-KQR} 37. Rd2 Re6 38. Qc7 Qb4 39. Qd8+ Kg7 40. Qd4+ Qxd4 41. Rxd4 {KR-KR} b5 42. f4 Rb6 43. Rb4 Kf6 44. Kf3 Ke6 45. Ke3 Kd6 46. Kd4 h5 47. Rb2 Rb8 48. h3 f6 49. Ra2 Rb6 50. e5+ fxe5+ 51. fxe5+ Ke6 52. Rf2 {White threatens Rf6+ and mate.} Ke7 53. Kc5 Rb8 54. Kb4 Rb6 55. Kc5 Rb8 {Accuracy: White = 57%, Black = 75%.} 1/2-1/2

[Event "Biel Master Tournament 2019"]
[Site "Biel"]
[Date "2019.07.26"]
[Round "5.7"]
[White "Keymer, Vincent"]
[Black "Martirosyan, Haik M."]
[Result "1-0"]
[WhiteElo "2513"]
[BlackElo "2619"]
[Annotator "TA"]
[PlyCount "117"]
[EventDate "2019.07.20"]
[EventType "swiss"]
[EventCountry "SUI"]
[SourceTitle "playchess.com"]
[Source "ChessBase"]
[SourceQuality "1"]

{[%evp 20,117,22,36,50,35,50,43,35,27,54,33,45,32,73,67,56,49,82,87,112,97,124,113,163,152,163,166,157,120,121,131,116,115,104,64,69,68,125,17,181,143,153,128,149,155,166,143,169,141,218,225,216,216,394,368,375,358,399,395,381,381,575,474,434,379,424,425,916,513,29944,12824,29974,29975,29975,29976,29974,29975,29951,1298,29967,134,135,65,103,68,131,109,29967,29969,29980,29981,29981,29982,29981,29982,29986,29987,29987,29988]} 1. d4 Nf6 2. c4 g6 3. g3 Bg7 4. Bg2 O-O 5. Nc3 d6 6. Nf3 Nbd7 7. O-O e5 8. e4 c6 9. h3 Qa5 10. Be3 exd4 11. Bxd4 (11. Qxd4 Nd5 $17) 11... Re8 {E69: King's Indian: Fianchetto: 6...Nbd7 7 0-0 e5 8 e4 c6 9 h3} (11... Ne5 12. Nd2 Be6 13. Qe2 Nfd7 14. Rac1 c5 15. Bxe5 Nxe5 16. b3 Nc6 17. Ndb1 a6 18. Qd2 Nd4 19. Kh2 {0-1 (50) Karpov,A (2616)-Ivanchuk,V (2771) Cap d'Agde 2012}) 12. Re1 a6 13. a3 $146 ({Predecessor:} 13. Qc2 c5 14. Be3 b5 15. Bf4 b4 16. Nd5 Nxd5 17. exd5 Rxe1+ 18. Rxe1 Bf8 19. b3 Nf6 20. g4 Bd7 21. Ng5 Re8 22. Rxe8 Bxe8 23. Ne4 {½-½ (23) Khalifman,A (2617)-Apryshko,G (2335) St Petersburg 2016}) 13... Qc7 {White is slightly better.} 14. Rc1 b6 15. Nd2 Bb7 16. f4 Re7 17. Qc2 Rae8 18. Bf2 b5 19. b4 h5 20. c5 dxc5 {Threatening ...h4!} 21. e5 $1 (21. bxc5 $6 h4 $11) 21... cxb4 22. axb4 c5 {White should prevent ...Bxg2.} 23. Bxb7 $1 (23. exf6 Rxe1+ 24. Bxe1 (24. Rxe1 Rxe1+ 25. Bxe1 cxb4 $15) 24... Bxg2 $11) 23... Qxb7 24. exf6 Rxe1+ 25. Rxe1 Rxe1+ 26. Bxe1 Bxf6 27. bxc5 Nxc5 28. Bf2 Be7 ({Better is} 28... Ne6 $1 $14) 29. Nde4 (29. f5 $16 b4 30. Ne2 (30. fxg6 bxc3 31. Qxc3 Qd5 $11)) 29... Ne6 $2 (29... Nxe4 $11 {and Black has nothing to worry.} 30. Nxe4 a5) 30. Qd3 $18 {Threatens to win with Qf3.} h4 31. Nd5 hxg3 32. Nxg3 f5 33. Ne2 Bd8 {[#]} 34. h4 $1 a5 {[#]} (34... Ng7 $16 {might work better.} 35. Nec3 Qf7) 35. h5 $1 gxh5 36. Ng3 b4 $2 (36... Qg7 {was called for.}) 37. Qxf5 Qf7 {Hoping for ...Qxf5.} 38. Qe5 h4 39. Nf5 {Threatening mate with Nh6+.} Kh7 {intending ...b3.} 40. Kh2 {Nd6 is the strong threat.} Qg6 (40... h3 $142 41. Bh4 (41. Kxh3 b3 $16) 41... Bc7 42. Nxc7 Nxc7) 41. Bxh4 Ng7 42. Nxg7 ({Less strong is} 42. Bxd8 Nxf5 43. Bg5 (43. Bxa5 Qg3+ 44. Kh1 Qf3+ 45. Kg1 Qd1+ 46. Kf2 Qd2+ 47. Kf3 Qd1+ 48. Kf2 Qd2+ 49. Qe2 Qxd5 $11) 43... Qh5+ 44. Kg2 Qg4+ 45. Kf2 Qg3+ 46. Ke2 Qg2+ 47. Kd3 Qf1+ 48. Kd2 Qg2+ 49. Kc1 Ng7 $18) 42... Bxh4 43. Nh5 b3 (43... Kh6 $142 44. Ne3 Kh7) 44. Ndf6+ {[%mdl 64] Discovered Attack} Kh6 (44... Bxf6 $18 45. Nxf6+ Kg7) 45. f5 Bxf6 46. Nxf6 (46. fxg6 {gets mated.} Bxe5+ 47. Nf4 Bxf4+ 48. Kh3 Kxg6 49. Kg4 Bc7 50. Kf3 b2 51. Ke3 b1=Q 52. Kd2 Kf5 53. Ke3 Qc2 54. Kf3 a4 55. Ke3 Bb6+ 56. Kf3 Qf2#) 46... Qg5 47. Ne4 {[%cal Re5h8]} Qh4+ 48. Kg2 {[%cal Re5h8]} Qg4+ 49. Ng3 (49. Kf2 $142 Qh4+ 50. Ke2 Kh7 51. f6 Qg4+ 52. Kd3 b2 53. Qxb2 Qd1+ 54. Kc4) 49... Qc4 50. Qh8+ $2 (50. Kh3 {mates} b2 51. Qh8+ Kg5 52. Qg7+ Kf4 53. Qg4+ Ke5 54. Qxc4 b1=Q 55. Qc5+ Kf4 56. f6 Qh7+ 57. Nh5+ Kf3 58. Qd5+ Ke3 59. f7) 50... Kg5 $16 51. Qg7+ (51. Qh5+ $16 Kf6 52. Qe8 Qd5+ 53. Kh2) 51... Kf4 $14 52. Kh3 {White wants to mate with Qg4+.} Kf3 ({Black should play} 52... Qd3 $14) 53. Qb7+ $16 Ke3 $2 {[%mdl 8192] [#]} (53... Kf4 $16) 54. f6 $1 {[%cal Rf6f7] White mates.} Qe6+ 55. Kg2 b2 56. Qxb2 Qd5+ 57. Kh2 a4 58. Qe2+ Kf4 {[#]} 59. f7 $1 {Accuracy: White = 73%, Black = 30%.} 1-0

[Event "Biel Master Tournament 2019"]
[Site "Biel"]
[Date "2019.07.26"]
[Round "5.8"]
[White "Tabatabaei, M.amin"]
[Black "Stany, G.A."]
[Result "1-0"]
[WhiteElo "2601"]
[BlackElo "2525"]
[Annotator "TA"]
[PlyCount "153"]
[EventDate "2019.07.20"]
[EventType "swiss"]
[EventCountry "SUI"]
[SourceTitle "playchess.com"]
[Source "ChessBase"]
[SourceQuality "1"]

{[%evp 21,159,29,33,29,27,21,28,24,23,13,15,16,21,0,11,19,35,0,47,8,8,0,17,14,21,21,16,0,9,0,0,0,13,13,6,7,2,12,12,0,5,0,11,8,8,8,6,11,11,0,0,0,0,0,0,0,0,0,15,0,271,269,444,444,459,69,47,0,0,0,0,0,0,0,0,0,271,0,0,0,0,0,0,0,0,0,0,0,0,0,0,0,0,0,8,8,8,8,8,8,8,8,8,8,8,8,8,8,8,8,8,8,8,8,8,8,8,8,8,8,29964,29967,29975,29976,29976,29977,29977,29974,29982,29983,29990,29991,29991,29992,29992,29993,29993,29994,29994,29995]} 1. Nf3 Nf6 2. c4 g6 3. b3 Bg7 4. Bb2 O-O 5. g3 d6 6. Bg2 c5 7. d4 Ne4 8. O-O Nc6 9. Nbd2 Bf5 10. Nh4 Nxd2 11. Qxd2 Nxd4 12. Nxf5 {E60: King's Indian: Unusual lines and Fianchetto Variation without Nc3} Nxf5 13. Bxg7 Nxg7 14. Bxb7 {White has an edge.} Rb8 15. Bg2 Qc7 16. f4 $146 ({Predecessor:} 16. Rad1 a5 17. g4 a4 18. bxa4 Rb4 19. Qc2 Qd7 {0-1 (33) Blit,J (2325)-Flores,D (2569) Buenos Aires 2015}) 16... a5 17. g4 f5 18. h3 Kh8 19. Rad1 Rb4 20. Qc3 a4 21. gxf5 gxf5 22. Rd3 axb3 23. axb3 e6 24. Rfd1 Rb6 $1 25. Rg3 Qe7 26. Kh2 Rf6 27. Ra1 {White wants to mate with Qxf6!} Rb8 28. Ra7 Qxa7 29. Qxf6 {h4 is the strong threat.} Re8 30. Bc6 Rg8 $1 31. Bf3 Qd7 32. e4 Qd8 33. e5 dxe5 34. Qxe5 Qe7 35. Bg2 h6 36. b4 cxb4 37. c5 Kh7 38. Rb3 Rc8 39. c6 Nh5 40. Qd4 Rg8 $2 {[%mdl 8192]} (40... Rb8 $11 {and Black has nothing to worry.}) 41. Rxb4 $18 Qh4 $2 {[#]} (41... Kg6 42. Bf3 Ng7) 42. Qe3 $1 Nf6 43. Kh1 $2 (43. Rb7+ $18 Kh8 44. Kg1) 43... Ng4 $1 $14 {[%cal Rg4e3]} 44. Qc3 Nf2+ 45. Kh2 Ng4+ 46. Kh1 Nf2+ 47. Kh2 Ng4+ $1 48. Kg1 Qf2+ 49. Kh1 Ne3 {[%csl Ge3,Gg8][%cal Rf2g2]} 50. Rb7+ {[#]} Kg6 $1 {[%csl Ge3][%cal Rf2g2][%mdl 512]} 51. Rb2 Qxf4 {Threatens to win with ...Rd8.} 52. Re2 $1 {[%cal Re2e3]} ({Wrong is} 52. c7 $2 Rc8 $19) 52... Nxg2 53. Rxg2+ Kf7 {( -> ...Qf1+)} 54. Rxg8 Kxg8 $11 {[%mdl 4096] Endgame KQ-KQ} 55. Kg2 Qe4+ $1 56. Kh2 {And now c7 would win.} Qe2+ 57. Kg1 Qa6 58. c7 Qc8 59. Kf2 Kf7 60. Ke3 {Strongly threatening Qc5.} Ke7 61. Qc6 {Hoping for h4.} e5 62. h4 {aiming for h5.} h5 63. Kf3 Kf7 64. Kf2 Ke7 65. Ke3 f4+ 66. Ke4 f3 $1 {[%mdl 64] Decoy} 67. Kxf3 {Black must now prevent Ke4.} Qg4+ 68. Ke3 Qd4+ 69. Ke2 Qg4+ 70. Ke1 Qxh4+ $2 {[%mdl 8192]} (70... Qc8 $11 71. Qc5+ Kd7) 71. Kd2 {White mates.} Qh2+ 72. Kc3 Qh3+ 73. Kb4 Qc8 74. Kc5 h4 75. Qd6+ {[%mdl 64] Double Attack} Ke8 76. Qg6+ Kf8 {[#]} 77. Qh7 {Played: Qg6-f6} 1-0

[Event "Biel Master Tournament 2019"]
[Site "Biel"]
[Date "2019.07.26"]
[Round "5.9"]
[White "Loeffler, Markus"]
[Black "Gopal G.N."]
[Result "0-1"]
[WhiteElo "2339"]
[BlackElo "2594"]
[Annotator "ChessBase"]
[PlyCount "78"]
[EventDate "2019.07.20"]
[EventType "swiss"]
[EventCountry "SUI"]
[SourceTitle "playchess.com"]
[Source "ChessBase"]
[SourceQuality "1"]
[TimeControl "40/5400+30:1800+30"]

1. e4 {[%emt 0:06:10]} c5 {[%emt 0:00:00]} 2. Nf3 {[%emt 0:00:14]} d6 {[%emt 0:00:00]} 3. d4 {[%emt 0:00:05]} cxd4 {[%emt 0:00:00]} 4. Nxd4 {[%emt 0:00:06]} Nf6 {[%emt 0:00:00]} 5. Nc3 {[%emt 0:00:05]} a6 {[%emt 0:00:00]} 6. h3 {[%emt 0:00:32]} e5 {[%emt 0:00:18]} 7. Nde2 {[%emt 0:00:13]} h5 {[%emt 0:00:39]} 8. Bg5 {[%emt 0:00:22]} Be6 {[%emt 0:00:23]} 9. Bxf6 {[%emt 0:00:28]} Qxf6 {[%emt 0:00:05]} 10. Nd5 {[%emt 0:00:25]} Qd8 {[%emt 0:00:04]} 11. Qd3 {[%emt 0:01:13]} Nd7 {[%emt 0:00:53]} 12. Nec3 {[%emt 0:00:38]} g6 {[%emt 0:02:35]} 13. O-O-O {[%emt 0:00:19]} Nc5 {[%emt 0:15:47]} 14. Qe2 {[%emt 0:02:48]} Bh6+ {[%emt 0:06:00]} 15. Kb1 {[%emt 0:00:15]} b5 {[%emt 0:04:28]} 16. a3 {[%emt 0:02:07]} Kf8 {[%emt 0:06:45]} 17. h4 {[%emt 0:02:31]} Rb8 {[%emt 0:02:57]} 18. f3 {[%emt 0:02:18]} Bd7 {[%emt 0:06:23]} 19. g4 {[%emt 0:05:24]} hxg4 {[%emt 0:07:28]} 20. fxg4 {[%emt 0:00:16]} Bg5 {[%emt 0:08:22]} 21. h5 {[%emt 0:02:45]} Kg7 {[%emt 0:00:03]} 22. Qf3 {[%emt 0:05:45]} a5 {[%emt 0:05:44]} 23. b4 {[%emt 0:00:29]} axb4 {[%emt 0:00:07]} 24. axb4 {[%emt 0:00:08]} Ne6 {[%emt 0:01:30]} 25. Be2 {[%emt 0:38:23]} Bc6 {[%emt 0:04:23]} 26. Kb2 {[%emt 0:04:47]} Rb7 {[%emt 0:12:37]} 27. Qf2 {[%emt 0:03:43]} Nf4 {[%emt 0:03:25]} 28. Rh2 {[%emt 0:07:25]} Bxd5 {[%emt 0:03:09]} 29. exd5 {[%emt 0:05:38]} gxh5 {[%emt 0:01:38]} 30. gxh5 {[%emt 0:00:18]} f5 {[%emt 0:00:18]} 31. h6+ {[%emt 0:02:48]} Rxh6 {[%emt 0:02:47]} 32. Bd3 {[%emt 0:01:50]} Qf6 {[%emt 0:02:42]} 33. Rxh6 {[%emt 0:01:27]} Bxh6 {[%emt 0:00:18]} 34. Kb3 {[%emt 0:01:35]} e4 {[%emt 0:04:04]} 35. Bxb5 {[%emt 0:00:25]} Re7 {[%emt 0:00:29]} 36. Ne2 {[%emt 0:00:52]} Nxe2 {[%emt 0:00:39]} 37. Qxe2 {[%emt 0:00:20]} Kf8 {[%emt 0:00:34]} 38. Rg1 {[%emt 0:01:42]} Bg7 {[%emt 0:00:25]} 39. Rxg7 {[%emt 0:02:04]} Kxg7 {[%emt 0:00:21]} 0-1

[Event "Biel Master Tournament 2019"]
[Site "Biel"]
[Date "2019.07.26"]
[Round "5.10"]
[White "Santos Latasa, Jaime"]
[Black "Mastrovasilis, Athanasios"]
[Result "1-0"]
[WhiteElo "2594"]
[BlackElo "2518"]
[Annotator "TA"]
[PlyCount "133"]
[EventDate "2019.07.20"]
[EventType "swiss"]
[EventCountry "SUI"]
[SourceTitle "playchess.com"]
[Source "ChessBase"]
[SourceQuality "1"]

{[%evp 23,133,15,30,12,16,9,29,25,26,19,21,2,19,38,72,59,85,102,97,88,95,90,91,90,90,81,104,96,102,102,102,106,98,102,118,102,110,98,108,115,100,90,93,93,86,72,63,35,41,34,71,70,110,100,136,135,126,132,297,297,279,268,294,285,295,294,266,264,307,354,351,345,587,533,1688,1143,2723,2713,2761,2658,2464,2366,2291,2087,1068,1626,1751,1281,825,523,5877,5516,29961,29962,29966,29966,29970,29971,29972,29973,29973,29974,29974,29975,29975,29976,29977,29978,29977,29978,29981,29982]} 1. c4 e6 2. Nf3 d5 3. e3 dxc4 4. Bxc4 c5 5. O-O Nf6 6. d4 a6 7. dxc5 Bxc5 8. Qxd8+ Kxd8 9. Be2 Ke7 10. Nbd2 Nbd7 11. b3 b6 12. Bb2 Bb7 13. Rfc1 {D27: Queen's Gambit Accepted: Classical main line: 7 e4!? and 7 a4} Rhc8 14. Ne1 $146 ({Predecessor:} 14. a3 b5 15. a4 bxa4 16. Rxa4 Nb6 {½-½ (16) Shariyazdanov,A (2475)-Yakovich,Y (2560) Kazan 1995}) 14... Ke8 15. Nd3 {White has an edge.} Be7 16. Nc4 Bd5 17. Nf4 Bc6 18. Rd1 $36 {[%mdl 2048] White is pushing.} Bb5 19. Bxf6 Bxf6 20. Nd6+ Kf8 21. Nxc8 Bxa1 22. Nxb6 ({But not} 22. Rxa1 $6 Rxc8 23. Bxb5 axb5 $11) 22... Nxb6 23. Rxa1 g5 24. Bxb5 axb5 $16 {[%mdl 4096] Endgame KRN-KRN} 25. Nd3 Nd5 26. a4 bxa4 27. bxa4 Ra5 28. Kf1 Ke7 29. Ke1 Kd6 30. Kd2 Nb6 31. Nb2 g4 32. h3 gxh3 33. gxh3 Kc6 34. e4 f5 35. exf5 Rxf5 36. Ke2 Re5+ 37. Kf1 Rd5 38. a5 {[%cal Ba4a5,Ba5a6,Ba6a7][%mdl 32] Threatens to win with Rc1+.} Rd2 39. Rc1+ Kd7 {[#]} 40. Rb1 $1 Nd5 $2 (40... Nc8 $16 41. Nc4 Rd4) 41. a6 $18 Nc7 42. a7 Rc2 43. Na4 {Strongly threatening Rb7.} Ra2 44. Rb4 Kd6 45. Rc4 h6 46. Kg2 Ra3 47. f3 Na8 $2 {[#]} (47... h5 48. Kg3 Na8) 48. Rc8 Rxa4 49. Rxa8 {KR-KR} Kc7 50. Kg3 Kb7 51. Re8 Kxa7 52. Rxe6 h5 53. h4 Kb7 54. Re4 Ra8 55. Rc4 Kb6 56. Kf4 Rf8+ 57. Kg5 Rxf3 58. Kxh5 {White mates.} Rg3 59. Kh6 Kb7 60. h5 Rg1 61. Kh7 Rg5 62. h6 Rg3 63. Kh8 Rg6 64. h7 Rg2 65. Rf4 Kc6 66. Rf8 Kd7 67. Rg8 {Accuracy: White = 82%, Black = 46%.} 1-0

[Event "Biel Master Tournament 2019"]
[Site "Biel"]
[Date "2019.07.26"]
[Round "5.11"]
[White "Morawietz, Dieter"]
[Black "Aryan, Chopra"]
[Result "1/2-1/2"]
[WhiteElo "2405"]
[BlackElo "2553"]
[Annotator "ChessBase"]
[PlyCount "75"]
[EventDate "2019.07.20"]
[EventType "swiss"]
[EventCountry "SUI"]
[SourceTitle "playchess.com"]
[Source "ChessBase"]
[SourceQuality "1"]
[TimeControl "40/5400+30:1800+30"]

1. d4 {[%emt 0:00:00]} Nf6 {[%emt 0:00:00]} 2. c4 {[%emt 0:00:00]} g6 {[%emt 0:00:00]} 3. Nc3 {[%emt 0:00:00]} d5 {[%emt 0:00:00]} 4. cxd5 {[%emt 0:00:02]} Nxd5 {[%emt 0:00:00]} 5. e4 {[%emt 0:00:16]} Nxc3 {[%emt 0:00:02]} 6. bxc3 {[%emt 0:00:06]} Bg7 {[%emt 0:00:04]} 7. Be3 {[%emt 0:00:17]} c5 {[%emt 0:00:28]} 8. Rc1 {[%emt 0:00:14]} Qa5 {[%emt 0:01:11]} 9. Qd2 {[%emt 0:00:11]} cxd4 {[%emt 0:01:18]} 10. cxd4 {[%emt 0:00:08]} Qxd2+ {[%emt 0:00:04]} 11. Bxd2 {[%emt 0:03:48]} O-O {[%emt 0:00:15]} 12. Nf3 {[%emt 0:00:17]} Bg4 {[%emt 0:04:17]} 13. d5 {[%emt 0:01:17]} Nd7 {[%emt 0:05:23]} 14. Ng5 {[%emt 0:12:06]} Nf6 {[%emt 0:11:59]} 15. h3 {[%emt 0:01:35]} Bd7 {[%emt 0:00:54]} 16. Bd3 {[%emt 0:00:11]} h6 {[%emt 0:08:53]} 17. Nf3 {[%emt 0:00:07]} e6 {[%emt 0:00:07]} 18. Rc7 {[%emt 0:12:25]} Rfd8 {[%emt 0:02:38]} 19. Rxb7 {[%emt 0:00:50]} exd5 {[%emt 0:03:01]} 20. e5 {[%emt 0:09:19]} Ne4 {[%emt 0:00:29]} 21. Be3 {[%emt 0:00:05]} Bf8 {[%emt 0:07:39]} 22. Rb2 {[%emt 0:20:47]} Nc5 {[%emt 0:12:50]} 23. Be2 {[%emt 0:07:31]} Rab8 {[%emt 0:03:50]} 24. Rxb8 {[%emt 0:01:03]} Rxb8 {[%emt 0:03:13]} 25. O-O {[%emt 0:01:21]} Rb2 {[%emt 0:00:39]} 26. Rc1 {[%emt 0:01:31]} Rxe2 {[%emt 0:06:45]} 27. Bxc5 {[%emt 0:00:07]} Rxa2 {[%emt 0:00:09]} 28. Be3 {[%emt 0:07:28]} a5 {[%emt 0:03:28]} 29. Rc7 {[%emt 0:00:24]} Be6 {[%emt 0:02:08]} 30. Nd4 {[%emt 0:00:53]} a4 {[%emt 0:10:56]} 31. Nxe6 {[%emt 0:04:11]} fxe6 {[%emt 0:00:06]} 32. Rc8 {[%emt 0:00:05]} Kf7 {[%emt 0:02:54]} 33. Rc7+ {[%emt 0:00:07]} Ke8 {[%emt 0:00:20]} 34. Rc8+ {[%emt 0:00:07]} Kf7 {[%emt 0:00:11]} 35. Rc7+ {[%emt 0:00:06]} Kg8 {[%emt 0:01:11]} 36. Rc8 {[%emt 0:00:05]} Ra1+ {[%emt 0:00:52]} 37. Kh2 {[%emt 0:00:07]} Kf7 {[%emt 0:01:05]} 38. Rc7+ {[%emt 0:00:07]} 1/2-1/2

[Event "Biel Master Tournament 2019"]
[Site "Biel"]
[Date "2019.07.26"]
[Round "5.12"]
[White "Puranik, Abhimanyu"]
[Black "Harika, Dronavalli"]
[Result "1/2-1/2"]
[WhiteElo "2550"]
[BlackElo "2425"]
[Annotator "ChessBase"]
[PlyCount "51"]
[EventDate "2019.07.20"]
[EventType "swiss"]
[EventCountry "SUI"]
[SourceTitle "playchess.com"]
[Source "ChessBase"]
[SourceQuality "1"]
[TimeControl "40/5400+30:1800+30"]

1. e4 {[%emt 0:00:00]} e5 {[%emt 0:01:50]} 2. Nf3 {[%emt 0:00:00]} Nf6 {[%emt 0:00:09]} 3. Nxe5 {[%emt 0:00:47]} d6 {[%emt 0:00:25]} 4. Nf3 {[%emt 0:00:18]} Nxe4 {[%emt 0:00:15]} 5. Nc3 {[%emt 0:00:15]} Nf6 {[%emt 0:00:17]} 6. d4 {[%emt 0:00:26]} Be7 {[%emt 0:00:13]} 7. Bd3 {[%emt 0:03:11]} O-O {[%emt 0:00:50]} 8. h3 {[%emt 0:00:27]} Re8 {[%emt 0:03:35]} 9. O-O {[%emt 0:00:50]} b6 {[%emt 0:00:10]} 10. d5 {[%emt 0:13:17]} a6 {[%emt 0:03:38]} 11. a4 {[%emt 0:10:38]} Bb7 {[%emt 0:02:37]} 12. Re1 {[%emt 0:07:15]} Nbd7 {[%emt 0:02:35]} 13. Bc4 {[%emt 0:00:46]} Bf8 {[%emt 0:03:42]} 14. Be3 {[%emt 0:00:34]} Ne5 {[%emt 0:04:50]} 15. Bf1 {[%emt 0:04:45]} g6 {[%emt 0:07:52]} 16. Bg5 {[%emt 0:04:46]} h6 {[%emt 0:04:10]} 17. Bh4 {[%emt 0:02:38]} Bg7 {[%emt 0:03:47]} 18. Nxe5 {[%emt 0:08:48]} dxe5 {[%emt 0:02:42]} 19. Bc4 {[%emt 0:00:46]} Qd7 {[%emt 0:11:02]} 20. Bg3 {[%emt 0:12:09]} Nh5 {[%emt 0:03:43]} 21. Bh2 {[%emt 0:00:16]} Kh7 {[%emt 0:04:29]} 22. Qd2 {[%emt 0:06:01]} f5 {[%emt 0:00:34]} 23. Rad1 {[%emt 0:00:16]} Rad8 {[%emt 0:01:54]} 24. Qe2 {[%emt 0:01:23]} Qc8 {[%emt 0:02:06]} 25. Rd2 {[%emt 0:01:19]} e4 {[%emt 0:05:14]} 26. Red1 {[%emt 0:04:17]} 1/2-1/2